Lectures on Russian literature /

Bibliographic Details
Main Author: Nabokov, Vladimir Vladimirovich, 1899-1977
Other Authors: Bowers, Fredson
Format: Book
Language:English
Published: New York : Harcourt Brace Jovanovich/Bruccoli Clark, [1981]
Edition:1st ed.
Subjects:

MARC

Tag First Indicator Second Indicator Subfields
LEADER 00000pam a2200000 a 4500
001 in00000078721
005 20151008053913.0
008 810813s1981 nyufh b 00010 eng
010 |a  81047315  
020 |a 0151495998 
035 |a (OCoLC)07737668 
035 |9 AAH9012AM 
039 0 |a 2  |b 3  |c 3  |d 3  |e 3 
040 |a DLC  |c DLC  |d TXA  |d UtOrBLW 
043 |a e-ur-ru 
049 |a TXAM  |c [1803513] 
050 0 0 |a PG3012  |b .N3 1981 
082 0 |a 891.7/09/003  |2 19 
100 1 |a Nabokov, Vladimir Vladimirovich,  |d 1899-1977. 
245 1 0 |a Lectures on Russian literature /  |c Vladimir Nabokov ; edited, with an introduction, by Fredson Bowers. 
250 |a 1st ed. 
264 1 |a New York :  |b Harcourt Brace Jovanovich/Bruccoli Clark,  |c [1981] 
264 4 |c ©1981 
300 |a xvii, 324 pages, 5 unnumbered pages of plates :  |b facsimiles ;  |c 26 cm. 
336 |a text  |b txt  |2 rdacontent 
337 |a unmediated  |b n  |2 rdamedia 
338 |a volume  |b nc  |2 rdacarrier 
504 |a Includes bibliographical references. 
650 0 |a Russian literature  |y 19th century  |x History and criticism. 
700 1 |a Bowers, Fredson. 
999 |a MARS 
999 f f |s d294aea7-5698-3875-8f49-be1a560fd955  |i 43e725e7-848b-32a2-ba39-726f1d609faa  |t 0 
952 f f |p normal  |a Texas A&M University  |b College Station  |c Sterling C. Evans Library  |d Evans: Library Stacks  |t 0  |e PG3012 .N3 1981  |h Library of Congress classification  |i unmediated -- volume  |m A14806175224 
998 f f |a PG3012 .N3 1981  |t 0  |l Evans: Library Stacks